000
00314cam a2200133ua 4500
041
_a
mal
_h
082
_a
894.812301
_b
PAD/MR
100
_a
Padmasen, Chalattu .
245
_a
Mrigavum manushiarum /
_c
Chalattu Padmasen.
_h
Textual Documents
300
_a
113 ; .
504
_a
942
_c
BK
999
_c
7240
_d
7240